La pieza oscura
Shranjeno v:
| Glavni avtor: | |
|---|---|
| Format: | Knjiga |
| Jezik: | španščina |
| Izdano: |
Madrid
Literatura Americana Reunida
1984
|
| Serija: | Colección Isla Negra
|
| Teme: | |
| Oznake: |
Označite
Brez oznak, prvi označite!
|
MARC
| LEADER | 00000nam a2200000 a 4500 | ||
|---|---|---|---|
| 001 | UCO5477 | ||
| 003 | CL-VaPUC | ||
| 008 | 000901e19840000SP |||||||||||||||||spa|d | ||
| 082 | 0 | 4 | |a Ch861 |b LIH |2 21 |
| 100 | |a Lihn Carrasco, Enrique |e autor |9 310552 | ||
| 245 | 1 | 3 | |a La pieza oscura |
| 300 | |a 90 p | ||
| 942 | |c BK | ||
| 945 | |d 20000901 00:00:00 |a crobeson | ||
| 260 | |a Madrid |b Literatura Americana Reunida |c 1984 | ||
| 650 | 0 | |a Poesías chilenas |9 265280 | |
| 650 | 0 | |a Literatura chilena |9 308278 | |
| 583 | |a last modification |c 20000901 00:00:00 |k Rodrigo Vera | ||
| 490 | 0 | |a Colección Isla Negra | |
| 999 | |c 291335 |d 291333 | ||
| 952 | |0 0 |1 0 |4 0 |6 CH_861_000000000000000_LIH_1984 |7 0 |8 A |9 341157 |a BIBART |b BIBART |d 2019-11-20 |i 1220772 |l 1 |o Ch861 LIH 1984 |p 1220772 |r 2025-03-13 |s 2024-10-02 |w 2019-11-20 |y BK |k ART | ||